Por la identidad del negro cubano /
Uloženo v:
| Hlavní autor: | |
|---|---|
| Další autoři: | , , |
| Médium: | Neznámo |
| Jazyk: | Spanish |
| Vydáno: |
Santiago de Cuba:
Caserón,
2011.
|
| Témata: | |
| Tagy: |
Přidat tag
Žádné tagy, Buďte první, kdo vytvoří štítek k tomuto záznamu!
|
MARC
| LEADER | 000000000a22000000004500 | ||
|---|---|---|---|
| 001 | 001459 | ||
| 008 | 170713s2011 cu ||||| |||| 00| 0 spa d | ||
| 041 | 0 | |a español | |
| 082 | |a 972.916.5 |b P832p | ||
| 100 | 1 | |a Unión de Escritores y Artistas de Cuba. Comité Provincial Santiago de Cuba | |
| 245 | 1 | 0 | |a Por la identidad del negro cubano / |c Sandra Estévez Rivero, Pedro Castro Monterrey, coordinadores |
| 260 | |a Santiago de Cuba: |b Caserón, |c 2011. | ||
| 300 | |a 346 páginas | ||
| 500 | |a Número de inscripción 14375 | ||
| 650 | 4 | |a PARTIDO INDEPENDIENTE DE COLOR (CUBA) | |
| 650 | 4 | |a NEGROS | |
| 650 | 4 | |a SANTIAGO DE CUBA (CUBA) | |
| 650 | 4 | |a RELACIONES ETNICAS |v HISTORIA | |
| 650 | 4 | |a CUBA |x POLÍTICA Y GOBIERNO | |
| 650 | 4 | |a CARRERA GUERRA DE 1912 | |
| 700 | 1 | 2 | |a Estévez Rivero, Sandra, |d 1976- , |e coordinador |
| 700 | 1 | 2 | |a Castro Monterrey, Pedro, |d 1968- , |e coordinador |
| 700 | 1 | 2 | |a Portuondo Zúñiga, Olga, |e coordinador |
| 942 | |2 ddc |c BK | ||
| 999 | |c 2453 |d 2453 | ||
